| 000 | 01521nam a2200397 i 4500 | ||
|---|---|---|---|
| 001 | DIGOVENEG411 | ||
| 003 | NyNyDIG | ||
| 006 | m o d | ||
| 007 | cr ||||||||||| | ||
| 008 | 221218s2020 ck ob 000 f spa d | ||
| 035 | _a(OCoLC)1356297894 | ||
| 040 |
_aDGITA _beng _erda _epn _cDGITA |
||
| 020 | _z9789580614388 | ||
| 050 | 1 | 4 | _aHG179 ebook |
| 100 | 1 |
_aRaminfar, Paul, _eauthor. |
|
| 245 | 1 | 0 |
_aHabilidad millonaria : _bun método sencillo para dominar las finanzas personales de una vez por todas / _cPaul Raminfar. |
| 264 | 1 |
_aBogotá : _bEditorial Oveja Negra : _bCon troversia Editorial, _c[2020] |
|
| 300 | _a1 online resource. | ||
| 336 |
_atext _2rdacontent |
||
| 337 |
_acomputer _bc _2rdamedia |
||
| 338 |
_aonline resource _bcr _2rdacarrier |
||
| 347 |
_atext file _2rdaft |
||
| 347 | _bEPUB | ||
| 347 | _bPDF | ||
| 504 | _aIncludes bibliographical references. | ||
| 588 | 0 | _aOnline resource; title from ePub title page (Digitalia, viewed December 18, 2022) | |
| 650 | 0 | _aFinance, personal. | |
| 650 | 0 | _aHome economics. | |
| 650 | 0 | _aSaving and investment. | |
| 776 | 0 | 8 |
_iPrint version: _aRaminfar, Paul. _tHabilidad millonaria. _b1a edición. _dBogotá : Editorial Oveja Negra : Con troversia Editorial, [2020] _z9789580614388 |
| 791 | 2 |
_aDigitalia (Firm), _edistributor. |
|
| 793 | 0 |
_gDigitalia eBook Collection: _aEditorial Oveja Negra |
|
| 856 | 4 | 0 |
_3Digitalia Hispánica _uhttps://www.digitaliapublishing.com/a/63892/ |
| 910 | _aPremium Collection: 2022 | ||
| 942 | _cRAA | ||
| 999 |
_c259641 _d259641 |
||